Most Passing Yards by a Rookie for Every Team Ever - Statistics

General Stats
  • This quiz has been taken 11 times
  • The average score is 14 of 32
Answer Stats
Team Yards Player % Correct
IND 4,374 Andrew Luck
100%
CAR 4,051 Cam Newton
89%
LAC 4,336 Justin Herbert
89%
HOU 4,108 C.J. Stroud
78%
PIT 2,621 Ben Roethlisberger
56%
DAL 3,667 Dak Prescott
56%
TBB 4,042 Jameis Winston
56%
BUF 3,593 Jim Kelly
56%
ARI 3,722 Kyler Murray
56%
ATL 3,440 Matt Ryan
56%
JAX 3,641 Trevor Lawrence
56%
CLE 3,725 Baker Mayfield
44%
NYJ 3,046 Geno Smith
44%
SFF 2,544 Jeff Garcia
44%
BAL 2,971 Joe Flacco
44%
WAS 3,200 Robert Griffin III
44%
SEA 3,118 Russell Wilson
44%
TEN 3,338 Warren Moon
44%
CIN 3,398 Andy Dalton
33%
PHI 3,782 Carson Wentz
33%
NYG 3,027 Daniel Jones
33%
LVR 3,270 Derek Carr
33%
NEP 3,801 Mac Jones
33%
MIA 3,294 Ryan Tannehill
33%
NOS 1,514 Aaron Brooks
22%
CHI 2,193 Mitch Trubisky
22%
LAR 3,512 Sam Bradford
22%
GBP 1,416 Babe Parilli
11%
DET 2,294 Joey Harrington
11%
DEN 1,689 Mickey Slaughter
11%
KAN 1,484 Steve Fuller
11%
MIN 2,919 Teddy Bridgewater
11%
No matching quizzes found
Score Distribution
Percent of People with Each Score
Percentile by Number Answered
Your Score History
You have not taken this quiz